On politics and education /

Bibliographic Details
Main Author: Locke, John, 1632-1704
Format: Book
Language:English
Published: New York : Published for the Classics Club by W.J. Black, [1947]
Subjects:

MARC

Tag First Indicator Second Indicator Subfields
LEADER 00000cam a2200000 4500
001 in00000065567
005 20151007083451.0
008 760429s1947 nyu 00000 eng d
010 |a  48000028  
035 |a (OCoLC)02147914 
035 |9 AAF9408AM 
040 |a CIN  |c CIN  |d TXA  |d UtOrBLW 
049 |a TXAM 
050 0 |a JC153  |b .L79 1947 
082 0 |a 320.1  |b L814on 
100 1 |a Locke, John,  |d 1632-1704. 
245 1 0 |a On politics and education /  |c John Locke ; introduction by Howard R. Penniman. 
264 1 |a New York :  |b Published for the Classics Club by W.J. Black,  |c [1947] 
264 4 |c ©1947 
300 |a 412 pages ;  |c 20 cm. 
336 |a text  |b txt  |2 rdacontent 
337 |a unmediated  |b n  |2 rdamedia 
338 |a volume  |b nc  |2 rdacarrier 
650 0 |a Political science. 
650 0 |a Toleration. 
650 0 |a Liberty. 
650 0 |a Education. 
944 |a stk  |h REPL<81777>REP-LATEST<>REF<warant>  |m Replacement on order 
999 |a MARS 
999 f f |s 165917c2-aac3-32c0-bf1d-15f88808da8f  |i 5790543c-a844-3eb8-9d5a-d8dab09c93a4  |t 0 
952 f f |p ric  |a Texas A&M University  |b Rellis Campus  |c Joint Library Facility  |d Remote Storage  |t 0  |e JC153 .L79 1947  |h Library of Congress classification  |i unmediated -- volume  |m A14837354762 
998 f f |a JC153 .L79 1947  |t 0  |l Remote Storage